[Event "Køge Bugt Sommer 2012"]
[Site "Solrød Skole"]
[Date "2012.08.22"]
[Round "2.1"]
[White "Hestehauge, Klaus"]
[Black "Nielsen, Kai Gylling"]
[Result "1-0"]
[WhiteElo "1981"]
[BlackElo "1888"]
[PlyCount "145"]
[EventDate "2012.??.??"]
[WhiteTeam "Køge Skakklub"]
[BlackTeam "Roskilde Skakklub"]

1. d4 Nf6 2. Nf3 d5 3. Bf4 Bf5 4. e3 h6 5. Bd3 Bxd3 6. Qxd3 Nc6 7. Nbd2 e6 8.
Ne5 a6 9. Nxc6 bxc6 10. O-O Bd6 11. c4 Bxf4 12. exf4 Qd6 13. g3 c5 14. dxc5
Qxc5 15. Rac1 Qb6 16. Qa3 Rb8 17. Qa4+ Ke7 18. cxd5 Nxd5 19. Nc4 Qb5 20. Qa3+
Kf6 21. Ne5 g5 22. Nc6 Rb6 23. fxg5+ hxg5 24. Qf3+ Kg7 25. Ne5 f5 26. Nc4 Rbb8
27. Ne3 g4 28. Qg2 c6 29. Nxd5 exd5 30. b3 Rh3 31. Rfe1 Rbh8 32. Re7+ Kf6 33.
Rc7 Qd3 34. R7xc6+ Kg5 35. R6c3 Qd4 36. R3c2 Rxh2 37. Qxh2 Rxh2 38. Kxh2 f4 39.
gxf4+ Qxf4+ 40. Kg2 Qf3+ 41. Kg1 Kh4 42. Rc3 Qf4 43. Rd1 Qe5 44. Rcd3 Qe2 45.
a4 Qc2 46. Kg2 a5 47. Rxd5 Qe4+ 48. Kg1 Qc2 49. Kg2 Qe4+ 50. Kg1 Qc2 51. R1d3
Qc1+ 52. Kg2 Qf4 53. R5d4 Qf5 54. Rg3 Kh5 55. Rdxg4 Qd5+ 56. Kh2 Qd2 57. Rg2
Qd6+ 58. f4 Qb4 59. Rg5+ Kh6 60. Rg6+ Kh7 61. R6g4 Qe1 62. f5 Qe5+ 63. R2g3
Qe2+ 64. Rg2 Qe5+ 65. R4g3 Qf4 66. f6 Qe5 67. f7 Qf4 68. f8=N+ Kh6 69. Ne6 Qe5
70. Nd4 Kh5 71. Nf3 Qf4 72. Kh1 Qc1+ 73. Ng1 1-0

[Event "Køge Bugt Sommer 2012"]
[Site "Solrød Skole"]
[Date "2012.08.22"]
[Round "2.2"]
[White "Taskiran, Erol"]
[Black "Christensen, Verner"]
[Result "1-0"]
[WhiteElo "1637"]
[BlackElo "1920"]
[PlyCount "67"]
[EventDate "2012.??.??"]
[WhiteTeam "Greve Skakklub"]
[BlackTeam "Solrød Skakklub"]

1. d4 Nf6 2. c4 e5 3. dxe5 Ne4 4. Nd2 Bb4 5. Ngf3 Nc6 6. a3 Bxd2+ 7. Bxd2 Nxd2
8. Qxd2 Qe7 9. Qc3 b6 10. e3 Bb7 11. Be2 O-O-O 12. O-O f6 13. e6 Qxe6 14. c5
Kb8 15. b4 g5 16. Bc4 Qg4 17. Bd5 Nd4 18. Nxd4 Bxd5 19. f3 Qh5 20. cxb6 cxb6
21. Nb5 Rc8 22. Qxf6 Bc6 23. Qe5+ Ka8 24. Nd6 Rce8 25. Nxe8 Rxe8 26. Qd4 Qg6
27. a4 g4 28. fxg4 Re4 29. Qh8+ Kb7 30. b5 Bd5 31. Rf8 Qxg4 32. Rb8+ Kc7 33.
Rc8+ Kb7 34. Qd8 1-0

[Event "Køge Bugt Sommer 2012"]
[Site "Solrød Skole"]
[Date "2012.08.22"]
[Round "2.3"]
[White "Olsen, Morten Henrik"]
[Black "Nielsen, Jørgen Kamp"]
[Result "0-1"]
[WhiteElo "1934"]
[BlackElo "1698"]
[PlyCount "54"]
[EventDate "2012.??.??"]
[WhiteTeam "Skakklubben af 1927, Ringsted"]
[BlackTeam "Hvidovre Skakklub"]

1. e4 c5 2. Nf3 d6 3. d4 cxd4 4. Nxd4 Nc6 5. Nc3 a6 6. Bc4 e6 7. O-O Be7 8. Kh1
Nf6 9. Nxc6 bxc6 10. Qe2 Qa5 11. Bd2 Qh5 12. f3 O-O 13. g4 Qc5 14. Na4 Qa7 15.
g5 Nd7 16. Be3 Qc7 17. h4 Ne5 18. Bb3 c5 19. c3 Bd7 20. f4 c4 21. fxe5 cxb3 22.
axb3 Qb7 23. Bf4 dxe5 24. Bxe5 Qxb3 25. Qd1 Bxa4 26. Rxa4 Qxb2 27. Qg4 Qb5 0-1

[Event "Køge Bugt Sommer 2012"]
[Site "Solrød Skole"]
[Date "2012.08.22"]
[Round "2.4"]
[White "Hald, Morten Hansen"]
[Black "Krogh, Peter Ove"]
[Result "0-1"]
[WhiteElo "1763"]
[BlackElo "1891"]
[PlyCount "92"]
[EventDate "2012.??.??"]
[WhiteTeam "Køge Skakklub"]
[BlackTeam "Køge Skakklub"]

1. Nc3 d5 2. e4 d4 3. Nce2 e5 4. Ng3 c5 5. Nf3 Bd6 6. Bc4 g6 7. d3 h5 8. Ng5
Nh6 9. h4 Nc6 10. Bd2 Qe7 11. Qe2 f6 12. Nh3 Bd7 13. O-O-O O-O-O 14. f3 Qg7 15.
Qf1 Rdf8 16. Ne2 Ne7 17. Kb1 b5 18. Bb3 Kb8 19. c3 Rc8 20. Rc1 f5 21. Ng5 c4
22. dxc4 bxc4 23. Bd1 d3 24. Ng1 Nf7 25. b3 Ba3 26. bxc4 Nxg5 27. Qxd3 fxe4 28.
Qxd7 Rc7 29. Qa4 Bxc1 30. Bxc1 Ne6 31. fxe4 Rhc8 32. Be3 Nc6 33. Nf3 Qd7 34.
Be2 Rb7+ 35. Ka1 Ncd4 36. Qd1 Nxf3 37. gxf3 Nf4 38. Bxf4 exf4 39. Qc1 Qf7 40.
Qa3 Qe7 41. Qa5 Qc5 42. Qxc5 Rxc5 43. Rd1 Kc7 44. Rd5 Rxd5 45. cxd5 Kd6 46. Bd1
g5 0-1

[Event "Køge Bugt Sommer 2012"]
[Site "Solrød Skole"]
[Date "2012.08.22"]
[Round "2.5"]
[White "Hansen, Erik Levin"]
[Black "Refsgaard, Kaj"]
[Result "1-0"]
[WhiteElo "1753"]
[BlackElo "1695"]
[PlyCount "113"]
[EventDate "2012.??.??"]
[WhiteTeam "Haslev Skakklub"]
[BlackTeam "Jernbanens Skakklub"]

1. e4 c5 2. Nf3 Nc6 3. Bb5 g6 4. O-O Bg7 5. Re1 d6 6. c3 Bd7 7. d3 Nf6 8. Nbd2
O-O 9. Nc4 a6 10. Bxc6 Bxc6 11. e5 Ng4 12. exd6 exd6 13. h3 Nf6 14. Bf4 d5 15.
Nce5 Qc8 16. Qd2 Re8 17. Ng5 Rf8 18. Nxc6 Qxc6 19. Re7 h6 20. Nf3 Kh7 21. Ne5
Qd6 22. Rxf7 Rxf7 23. Nxf7 Qe7 24. Nxh6 Re8 25. Kf1 Nh5 26. Ng4 Nxf4 27. Qxf4
Qe2+ 28. Kg1 Qxb2 29. Qc1 Qxc3 30. Qxc3 Bxc3 31. Rc1 Bd4 32. Kf1 b5 33. Rxc5
Bxc5 34. Nf6+ Kh6 35. Nxe8 b4 36. Nf6 d4 37. Ne4 Be7 38. Ke2 a5 39. Kd1 a4 40.
Kc2 g5 41. Nd2 Kh5 42. Nc4 g4 43. hxg4+ Kxg4 44. Nb6 Bh4 45. g3 b3+ 46. axb3
axb3+ 47. Kxb3 Be7 48. Nc4 Kf3 49. Nd2+ Ke2 50. Ne4 Bf8 51. Kc4 Bg7 52. g4 Kf3
53. g5 Kf4 54. Nc5 Ke5 55. f4+ Kf5 56. Kd5 Kxf4 57. Ne6+ 1-0

[Event "Køge Bugt Sommer 2012"]
[Site "Solrød Skole"]
[Date "2012.08.22"]
[Round "2.6"]
[White "Bayhan, Erkan"]
[Black "Kristensen, Benny"]
[Result "1/2-1/2"]
[WhiteElo "1700"]
[BlackElo "1899"]
[PlyCount "38"]
[EventDate "2012.??.??"]
[WhiteTeam "Hvidovre Skakklub"]
[BlackTeam "Skovbo Skakklub"]

1. d4 Nf6 2. c4 e6 3. Nf3 Bb4+ 4. Bd2 Qe7 5. a3 Bxd2+ 6. Nbxd2 d5 7. e3 O-O 8.
Bd3 Nbd7 9. O-O b6 10. Rc1 c5 11. Qc2 Bb7 12. Rfe1 Rfc8 13. Qb3 Rc7 14. Qd1
Rac8 15. Qe2 cxd4 16. exd4 dxc4 17. Rxc4 Rxc4 18. Nxc4 Nd5 19. Qd2 N7f6 1/2-1/2

[Event "Køge Bugt Sommer 2012"]
[Site "Solrød Skole"]
[Date "2012.08.22"]
[Round "2.7"]
[White "Nielsen, Steen"]
[Black "Johannsen, Bjørn"]
[Result "1-0"]
[WhiteElo "1821"]
[BlackElo "1742"]
[PlyCount "49"]
[EventDate "2012.??.??"]
[WhiteTeam "Solrød Skakklub"]
[BlackTeam "Haslev Skakklub"]

1. Nf3 d5 2. d4 Bf5 3. e3 c6 4. c4 e6 5. Nc3 Bd6 6. cxd5 exd5 7. Be2 Nf6 8. O-O
Qc7 9. a3 Nbd7 10. b4 a6 11. Bb2 h5 12. h3 Rh6 13. Re1 g5 14. Nxg5 Rg6 15. h4
Ng4 16. Bxg4 hxg4 17. e4 dxe4 18. Ncxe4 O-O-O 19. Nxd6+ Qxd6 20. Nxf7 Qf6 21.
Nxd8 Kxd8 22. g3 Nb6 23. Qe2 Nd5 24. Qe8+ Kc7 25. Qe5+ 1-0

[Event "Køge Bugt Sommer 2012"]
[Site "Solrød Skole"]
[Date "2012.08.22"]
[Round "2.8"]
[White "Stuhr, Finn"]
[Black "Forsmann, Henning"]
[Result "1-0"]
[WhiteElo "1657"]
[BlackElo "1779"]
[PlyCount "61"]
[EventDate "2012.??.??"]
[WhiteTeam "Køge Skakklub"]
[BlackTeam "Solrød Skakklub"]

1. e4 Nf6 2. e5 Nd5 3. Bc4 e6 4. Bxd5 exd5 5. d4 d6 6. Nc3 dxe5 7. dxe5 Bb4 8.
Bd2 c6 9. Qh5 Be6 10. f4 O-O 11. h3 f6 12. O-O-O fxe5 13. fxe5 Rf5 14. Qg4 Rxe5
15. Qxb4 Nd7 16. Nf3 Rf5 17. Rde1 Bf7 18. Qxb7 Nb6 19. Qxc6 Rc8 20. Qb5 Qc7 21.
Nd4 Rf2 22. Rhf1 Rxg2 23. h4 Rg4 24. Nf5 Re4 25. Rg1 Bg6 26. Rxe4 dxe4 27. h5
Bxf5 28. Qxf5 Nc4 29. Bh6 Rf8 30. Qe6+ Qf7 31. Rxg7+ 1-0

[Event "Køge Bugt Sommer 2012"]
[Site "Solrød Skole"]
[Date "2012.08.22"]
[Round "2.9"]
[White "Larsen, Simon Bering"]
[Black "Lundborg, Jakob"]
[Result "1-0"]
[WhiteElo "1389"]
[BlackElo "1681"]
[PlyCount "87"]
[EventDate "2012.??.??"]
[WhiteTeam "Enkeltmedlem 1 HK"]
[BlackTeam "Hvidovre Skakklub"]

1. e4 c6 2. d4 d5 3. Nc3 dxe4 4. Nxe4 Nd7 5. Bc4 Ngf6 6. Ng5 e6 7. Ne2 c5 8.
O-O Be7 9. Nf4 O-O 10. Ngxe6 Qb6 11. Nxf8 Nxf8 12. c3 Bg4 13. Qb3 Qc6 14. Nd3
Bh5 15. Ne5 Qe8 16. Re1 Bd6 17. Bf4 Ne6 18. Bxe6 fxe6 19. Nd3 Bxf4 20. Nxf4 Bf7
21. d5 Qb8 22. dxe6 Be8 23. Ne2 b5 24. Qc2 Qd6 25. Rad1 Qxe6 26. b3 Ng4 27. Ng3
Qh6 28. h3 Nf6 29. Nf5 Qg5 30. Ne7+ Kh8 31. Qf5 Qh5 32. Qxh5 Bxh5 33. g4 Bf7
34. f4 g6 35. f5 a5 36. g5 Nh5 37. f6 Nf4 38. Kh2 h6 39. h4 hxg5 40. hxg5 Ne6
41. Kg3 Bg8 42. Rh1+ Bh7 43. Rxh7+ Kxh7 44. Rh1# 1-0

[Event "Køge Bugt Sommer 2012"]
[Site "Solrød Skole"]
[Date "2012.08.22"]
[Round "2.10"]
[White "Christensen, Peter"]
[Black "Orup, Kim Amdi"]
[Result "0-1"]
[WhiteElo "1768"]
[BlackElo "1711"]
[PlyCount "136"]
[EventDate "2012.??.??"]
[WhiteTeam "Køge Skakklub"]
[BlackTeam "Solrød Skakklub"]

1. d4 f5 2. Nf3 e6 3. g3 c6 4. Bg2 g6 5. O-O Bg7 6. c3 Nf6 7. Bg5 Ne4 8. Be3 d5
9. Nfd2 O-O 10. f3 Nxd2 11. Qxd2 e5 12. dxe5 Bxe5 13. f4 Bg7 14. Bd4 Bxd4+ 15.
Qxd4 Qb6 16. Qxb6 axb6 17. Nd2 Be6 18. Nf3 Nd7 19. a3 Kg7 20. Rad1 h6 21. Kf2
Kf6 22. h4 Rfe8 23. Rh1 Bf7 24. Ng1 Nc5 25. Bf3 Rad8 26. Nh3 Ne6 27. g4 Ng7 28.
g5+ hxg5 29. hxg5+ Ke7 30. Kg3 Rh8 31. e3 Ne6 32. Nf2 Nc5 33. Rhg1 Rhe8 34. Nd3
Nd7 35. Rd2 Kf8 36. Re1 Nc5 37. Nxc5 bxc5 38. Kf2 Ke7 39. Rh1 Rh8 40. Rdd1 Be6
41. Ke2 b6 42. Rh6 Rxh6 43. gxh6 Rh8 44. Rh1 Kf6 45. Kd3 g5 46. Bg2 g4 47. b4
Kg6 48. bxc5 bxc5 49. h7 Rxh7 50. Rxh7 Kxh7 51. a4 Bc8 52. Kc2 Ba6 53. a5 Kg6
54. Kd2 c4 55. Ke1 Kf6 56. Kf2 Ke6 57. Kg3 Kf6 58. Kh4 Kg6 59. Bf1 c5 60. Be2
d4 61. exd4 cxd4 62. cxd4 c3 63. Bd1 Bd3 64. d5 Be4 65. Bb3 c2 66. Bxc2 Bxc2
67. a6 Be4 68. d6 Kf7 0-1

[Event "Køge Bugt Sommer 2012"]
[Site "Solrød Skole"]
[Date "2012.08.22"]
[Round "2.11"]
[White "Jørgensen, Leif"]
[Black "Sørensen, Aron Frank"]
[Result "0-1"]
[WhiteElo "1672"]
[BlackElo "1677"]
[PlyCount "46"]
[EventDate "2012.??.??"]
[WhiteTeam "Solrød Skakklub"]
[BlackTeam "Solrød Skakklub"]

1. e4 Nf6 2. Nc3 d5 3. exd5 Nxd5 4. Nxd5 Qxd5 5. c4 Qe4+ 6. Qe2 Qxe2+ 7. Nxe2
e5 8. g3 Nc6 9. a3 Be6 10. d3 O-O-O 11. Nc3 Nd4 12. Rb1 Nf3+ 13. Ke2 Nd4+ 14.
Kd2 Be7 15. f4 exf4 16. gxf4 Nf3+ 17. Ke3 Bg4 18. b4 Bf6 19. d4 Bxd4+ 20. Ke2
Rhe8+ 21. Kd1 Bxc3+ 22. Kc2 Bf6 23. Bd3 Rxd3 0-1

[Event "Køge Bugt Sommer 2012"]
[Site "Solrød Skole"]
[Date "2012.08.22"]
[Round "2.12"]
[White "Jensen, Tom B"]
[Black "Larsen, Paul M"]
[Result "1-0"]
[WhiteElo "1654"]
[BlackElo "1611"]
[PlyCount "71"]
[EventDate "2012.??.??"]
[WhiteTeam "Tåstrup Skakforening"]
[BlackTeam "Haslev Skakklub"]

1. e4 c6 2. d4 d5 3. e5 g6 4. Nf3 Bg7 5. Be2 f6 6. exf6 exf6 7. O-O f5 8. Re1
Nf6 9. Bd3+ Ne4 10. Bg5 Bf6 11. Bh6 Kf7 12. Qc1 Re8 13. c3 Nd7 14. Bxe4 dxe4
15. Ng5+ Kg8 16. Nh3 Nf8 17. Nd2 Be6 18. Nf1 Qc7 19. Ng3 Rad8 20. Qe3 c5 21.
Ng5 cxd4 22. Nxe6 Rxe6 23. cxd4 Bxd4 24. Qb3 Qb6 25. Qxb6 Bxb6 26. Bg5 Rc8 27.
Kf1 Rc2 28. Ne2 Rxb2 29. Rac1 Rc6 30. Rxc6 bxc6 31. Ra1 Ne6 32. Bf6 Rc2 33. Rd1
Rxa2 34. Rd6 Ra1+ 35. Bxa1 Kf7 36. Rxc6 1-0

[Event "Køge Bugt Sommer 2012"]
[Site "Solrød Skole"]
[Date "2012.08.22"]
[Round "2.13"]
[White "Thinggaard, Jørgen"]
[Black "Krag-Jacobsen, Alan"]
[Result "1/2-1/2"]
[WhiteElo "1540"]
[BlackElo "1647"]
[PlyCount "66"]
[EventDate "2012.??.??"]
[WhiteTeam "Solrød Skakklub"]
[BlackTeam "Solrød Skakklub"]

1. e4 c5 2. c3 e6 3. d4 cxd4 4. cxd4 Nf6 5. Bd3 Bb4+ 6. Bd2 Qb6 7. Nf3 Nc6 8.
O-O Nxd4 9. Be3 Nxf3+ 10. Qxf3 Bc5 11. b3 Bd4 12. Bxd4 Qxd4 13. Nd2 O-O 14. Nc4
d6 15. Rad1 Qc5 16. Bb1 Rd8 17. e5 Ne8 18. Qd3 g6 19. Qg3 d5 20. Ne3 b5 21. Ng4
Qe7 22. Qf4 Bb7 23. Qh6 Rac8 24. Rd3 Qf8 25. Qg5 Rd7 26. Nf6+ Nxf6 27. exf6 b4
28. Rh3 Rc3 29. g3 Kh8 30. Rh6 d4 31. Qh4 Qg8 32. Qg5 d3 33. Qd2 Qd8 1/2-1/2

[Event "Køge Bugt Sommer 2012"]
[Site "Solrød Skole"]
[Date "2012.08.22"]
[Round "2.14"]
[White "Brøndum, Jan Kraul"]
[Black "Kieldsen, Seier"]
[Result "1-0"]
[WhiteElo "1647"]
[BlackElo "1645"]
[PlyCount "63"]
[EventDate "2012.??.??"]
[WhiteTeam "Arbejdernes Skakforening Af 04"]
[BlackTeam "Solrød Skakklub"]

1. e4 e6 2. Qe2 Be7 3. d4 d5 4. c3 dxe4 5. Qxe4 Nc6 6. Nf3 Nf6 7. Qe2 O-O 8. g3
Re8 9. Bg2 Bd6 10. Be3 e5 11. dxe5 Bxe5 12. Nxe5 Nxe5 13. O-O Qe7 14. Qc2 Nc6
15. Nd2 Be6 16. Rfe1 Rad8 17. Nb3 Bd5 18. Bd2 Ne5 19. f4 Bxb3 20. axb3 Qc5+ 21.
Be3 Nf3+ 22. Bxf3 Rxe3 23. Rxe3 Qxe3+ 24. Qf2 Qxf2+ 25. Kxf2 Rd2+ 26. Ke3 Rxh2
27. Rxa7 h5 28. Rxb7 Rxb2 29. b4 Ng4+ 30. Kd4 Rd2+ 31. Kc5 Rd3 32. Rb8+ 1-0

[Event "Køge Bugt Sommer 2012"]
[Site "Solrød Skole"]
[Date "2012.08.22"]
[Round "2.15"]
[White "Madsen, Christian"]
[Black "Hansen, Erik Friberg"]
[Result "1-0"]
[WhiteElo "1163"]
[BlackElo "1548"]
[PlyCount "63"]
[EventDate "2012.??.??"]
[WhiteTeam "Ishøj Skakklub"]
[BlackTeam "Hvidovre Skakklub"]

1. d4 d5 2. c4 e6 3. Nc3 Nf6 4. Bg5 Be7 5. e3 b6 6. Nf3 Bb7 7. Bd3 Nbd7 8. O-O
O-O 9. Rc1 Rc8 10. cxd5 exd5 11. Bf5 Rb8 12. Nb5 Ba6 13. Nxa7 Bxf1 14. Nc6 Qe8
15. Nxb8 Qxb8 16. Kxf1 Bd6 17. Qb3 Qb7 18. Qb5 Nb8 19. Bxf6 gxf6 20. Qd3 h6 21.
g3 Qa6 22. Qxa6 Nxa6 23. a3 Kg7 24. Bd3 Nb8 25. Nh4 h5 26. Nf5+ Kh8 27. Be2 h4
28. Nxh4 Nd7 29. Nf5 Nb8 30. Bf3 Rd8 31. Nxd6 Rxd6 32. Rxc7 1-0

[Event "Køge Bugt Sommer 2012"]
[Site "Solrød Skole"]
[Date "2012.08.22"]
[Round "2.16"]
[White "Trærup, Jørgen"]
[Black "Szûcs, Michell Daniel"]
[Result "0-1"]
[WhiteElo "1648"]
[BlackElo "1145"]
[PlyCount "109"]
[EventDate "2012.??.??"]
[WhiteTeam "BMS Skak"]
[BlackTeam "Hvidovre Skakklub"]

1. d4 c6 2. e4 d5 3. e5 Bf5 4. Bd3 Bxd3 5. Qxd3 e6 6. Nf3 h6 7. O-O Nd7 8. b3
Ne7 9. Ba3 Nf5 10. Bxf8 Nxf8 11. c4 Nd7 12. cxd5 cxd5 13. Nc3 a6 14. Ne2 O-O
15. Ng3 Nxg3 16. fxg3 Rc8 17. Rac1 Qb6 18. Rc3 Rxc3 19. Qxc3 Qc6 20. Qxc6 bxc6
21. Rc1 Rc8 22. g4 c5 23. h4 c4 24. g5 h5 25. b4 Nb6 26. Nd2 g6 27. Nb1 Kf8 28.
Nc3 Ra8 29. a4 Ke7 30. a5 Nc8 31. Ra1 Na7 32. Kf1 Nc6 33. b5 Nxd4 34. b6 Nc6
35. Na4 Nxe5 36. b7 Rb8 37. Rb1 Nd7 38. Ke2 Kd6 39. Ke3 Kc6 40. Kd4 Rxb7 41.
Rf1 Nf8 42. Nc5 e5+ 43. Kxe5 Kxc5 44. Rd1 Kc6 45. Kd4 Ne6+ 46. Ke5 Rb5 47. Kf6
Rb7 48. Ke5 d4 49. Rc1 c3 50. Ke4 Kc5 51. g3 Kc4 52. Ra1 Nc5+ 53. Kf3 d3 54.
Ke3 c2 55. Rc1 0-1

[Event "Køge Bugt Sommer 2012"]
[Site "Solrød Skole"]
[Date "2012.08.29"]
[Round "3.1"]
[White "Hestehauge, Klaus"]
[Black "Stuhr, Finn"]
[Result "1-0"]
[WhiteElo "1981"]
[BlackElo "1657"]
[PlyCount "27"]
[EventDate "2012.??.??"]
[WhiteTeam "Køge Skakklub"]
[BlackTeam "Køge Skakklub"]

1. d4 Nf6 2. Nf3 b6 3. Bf4 d6 4. e3 Bb7 5. Be2 Nh5 6. Bg3 Nxg3 7. hxg3 g6 8.
Nc3 Bg7 9. Bb5+ Nd7 10. Qe2 e6 11. Ba6 Bxa6 12. Qxa6 Nb8 13. Qb7 O-O 14. Qxa8
1-0

[Event "Køge Bugt Sommer 2012"]
[Site "Solrød Skole"]
[Date "2012.08.29"]
[Round "3.2"]
[White "Orup, Kim Amdi"]
[Black "Taskiran, Erol"]
[Result "0-1"]
[WhiteElo "1711"]
[BlackElo "1637"]
[PlyCount "86"]
[EventDate "2012.??.??"]
[WhiteTeam "Solrød Skakklub"]
[BlackTeam "Greve Skakklub"]

1. e4 d5 2. exd5 Qxd5 3. Nc3 Qa5 4. d3 Nf6 5. Bd2 c6 6. Ne4 Qb6 7. Nxf6+ exf6
8. Bc3 Bd6 9. Be2 O-O 10. Nf3 Bg4 11. O-O Nd7 12. Nh4 Be6 13. Nf3 Rad8 14. d4
Qc7 15. h3 Nc5 16. Bd3 Na4 17. Nh4 c5 18. Qh5 g6 19. Qf3 Nxc3 20. bxc3 Rfe8 21.
Qxf6 Be7 22. Qf3 Bxh4 23. Rab1 b6 24. dxc5 Qxc5 25. c4 Bxc4 26. Bxc4 Qxc4 27.
Qb3 Rd4 28. c3 Qxb3 29. axb3 Rd2 30. g3 Bf6 31. c4 Ree2 32. Rbd1 Bd4 33. Rb1
Bxf2+ 34. Kg2 Bc5+ 35. Kf3 Re3+ 36. Kf4 Rde2 37. h4 h5 38. Rbd1 Kg7 39. Rd5
Re4+ 40. Kf3 R4e3+ 41. Kf4 Rxb3 42. Rf3 Be3+ 43. Ke4 Bc1+ 0-1

[Event "Køge Bugt Sommer 2012"]
[Site "Solrød Skole"]
[Date "2012.08.29"]
[Round "3.3"]
[White "Nielsen, Jørgen Kamp"]
[Black "Larsen, Simon Bering"]
[Result "0-1"]
[WhiteElo "1698"]
[BlackElo "1389"]
[PlyCount "22"]
[EventDate "2012.??.??"]
[WhiteTeam "Hvidovre Skakklub"]
[BlackTeam "Enkeltmedlem 1 HK"]

1. e4 e5 2. f4 exf4 3. Bc4 Qh4+ 4. Kf1 d6 5. d4 Nd7 6. Nf3 Qd8 7. Bxf4 Be7 8.
e5 Nb6 9. Bd3 Be6 10. Nbd2 Nd5 11. Bg3 Ne3+ 0-1

[Event "Køge Bugt Sommer 2012"]
[Site "Solrød Skole"]
[Date "2012.08.29"]
[Round "3.4"]
[White "Thinggaard, Jørgen"]
[Black "Bayhan, Erkan"]
[Result "0-1"]
[WhiteElo "1540"]
[BlackElo "1700"]
[PlyCount "44"]
[EventDate "2012.??.??"]
[WhiteTeam "Solrød Skakklub"]
[BlackTeam "Hvidovre Skakklub"]

1. e4 g6 2. d4 Bg7 3. Bc4 d6 4. Nf3 h6 5. O-O Nf6 6. e5 dxe5 7. dxe5 Qxd1 8.
Rxd1 Ne4 9. Re1 Nc5 10. b3 e6 11. Na3 a6 12. Bb2 Nc6 13. Rad1 b5 14. Bd3 Bb7
15. c4 b4 16. Nc2 O-O 17. Ncd4 Rfd8 18. Nxc6 Bxc6 19. Bd4 Bxf3 20. Be2 Bxe2 21.
Rxe2 Nb7 22. f4 c5 0-1

[Event "Køge Bugt Sommer 2012"]
[Site "Solrød Skole"]
[Date "2012.08.29"]
[Round "3.5"]
[White "Wieland, Carsten"]
[Black "Brøndum, Jan Kraul"]
[Result "0-1"]
[WhiteElo "1507"]
[BlackElo "1647"]
[PlyCount "72"]
[EventDate "2012.??.??"]
[WhiteTeam "Solrød Skakklub"]
[BlackTeam "Arbejdernes Skakforening Af 04"]

1. d4 Nf6 2. c4 e6 3. Nf3 Bb4+ 4. Bd2 Qe7 5. a3 Bxd2+ 6. Nbxd2 a5 7. e3 d6 8.
Bd3 Nbd7 9. O-O O-O 10. Re1 c5 11. Qc2 b6 12. b4 axb4 13. axb4 Bb7 14. Rab1
Rfc8 15. bxc5 dxc5 16. Ng5 h6 17. Nge4 cxd4 18. exd4 Nd5 19. Qb2 Nf4 20. Bc2 f5
21. Ng3 Nxg2 22. Nxf5 Qg5 23. Ng3 Nxe1 24. Rxe1 Kh8 25. Nde4 Qf4 26. d5 Ne5 27.
dxe6 Nf3+ 28. Kf1 Qg4 29. e7 Nxe1 30. Nd6 Nxc2 31. Nxb7 Ra1+ 32. Kg2 Rca8 33.
Qxc2 Qe6 34. Nf5 Qg6+ 35. Kh3 R8a3+ 36. Ne3 Qxc2 0-1

[Event "Køge Bugt Sommer 2012"]
[Site "Solrød Skole"]
[Date "2012.08.29"]
[Round "3.7"]
[White "Refsgaard, Kaj"]
[Black "Pondal, Jesper"]
[Result "0-1"]
[WhiteElo "1695"]
[BlackElo "2016"]
[PlyCount "87"]
[EventDate "2012.??.??"]
[WhiteTeam "Jernbanens Skakklub"]
[BlackTeam "Køge Skakklub"]

1. Nf3 d5 2. g3 Nf6 3. Bg2 Bf5 4. d3 c6 5. Nbd2 Nbd7 6. O-O e6 7. c4 h6 8. cxd5
cxd5 9. Nb3 Bd6 10. Nbd4 Bh7 11. Qb3 Nc5 12. Qb5+ Nfd7 13. Nb3 a6 14. Qb4 O-O
15. Nxc5 Nxc5 16. Qg4 Bf5 17. Qd4 Nd7 18. Bd2 Bc5 19. Qa4 b5 20. Qb3 Qb6 21.
Bb4 Rfc8 22. Bxc5 Nxc5 23. Qb4 Na4 24. Rac1 a5 25. Qb3 Nc5 26. Qc3 Qb7 27. Qe5
b4 28. Nd4 Bg6 29. Rc2 b3 30. axb3 Nxb3 31. Rc3 Rxc3 32. bxc3 Nxd4 33. Qxd4 Qb2
34. Bf3 a4 35. Qc5 a3 36. Qb4 Qc2 37. Ra1 a2 38. c4 Ra4 39. Qb8+ Kh7 40. Qe5
Rb4 41. Kg2 Rb1 42. cxd5 Rxa1 43. Qxa1 Qb1 44. Qe5 0-1

[Event "Køge Bugt Sommer 2012"]
[Site "Solrød Skole"]
[Date "2012.08.29"]
[Round "3.8"]
[White "Johannsen, Bjørn"]
[Black "Olsen, Morten Henrik"]
[Result "0-1"]
[WhiteElo "1742"]
[BlackElo "1934"]
[PlyCount "78"]
[EventDate "2012.??.??"]
[WhiteTeam "Haslev Skakklub"]
[BlackTeam "Skakklubben af 1927, Ringsted"]

1. d4 Nf6 2. Bf4 d5 3. e3 e6 4. c3 Bd6 5. Bg5 Nbd7 6. Nf3 c5 7. Bd3 c4 8. Bc2
Qc7 9. Nbd2 Ng4 10. h3 Ngf6 11. e4 dxe4 12. Nxe4 Nxe4 13. Bxe4 f5 14. Bc2 O-O
15. Qe2 e5 16. dxe5 Nxe5 17. O-O-O Nf7 18. Rxd6 Qxd6 19. Qxc4 h6 20. Bf4 Qc6
21. Bb3 Qxc4 22. Bxc4 g5 23. Bxg5 hxg5 24. Nxg5 Kg7 25. Nxf7 Rxf7 26. Bxf7 Kxf7
27. f4 Be6 28. b3 Rg8 29. Rg1 Rg3 30. c4 Bd7 31. Kd2 Bc6 32. Ke2 Rxg2+ 33. Rxg2
Bxg2 34. h4 Kg6 35. Ke3 Kh5 36. Kf2 Be4 37. Kg3 Bb1 38. a3 Ba2 39. c5 Bxb3 0-1

[Event "Køge Bugt Sommer 2012"]
[Site "Solrød Skole"]
[Date "2012.08.29"]
[Round "3.9"]
[White "Krogh, Peter Ove"]
[Black "Jensen, Tom B"]
[Result "1-0"]
[WhiteElo "1891"]
[BlackElo "1654"]
[PlyCount "41"]
[EventDate "2012.??.??"]
[WhiteTeam "Køge Skakklub"]
[BlackTeam "Tåstrup Skakforening"]

1. c4 g6 2. Nc3 Bg7 3. e4 e5 4. d3 Nf6 5. g4 d6 6. g5 Nfd7 7. Be3 Nc6 8. a3 f6
9. h4 Nb6 10. b4 f5 11. exf5 Bxf5 12. Qd2 Qd7 13. Bg2 O-O-O 14. a4 Nxb4 15. a5
Nxd3+ 16. Kf1 Nxc4 17. Bxb7+ Kb8 18. Rb1 Ndb2 19. Rxb2 Nxb2 20. Qxb2 Qe7 21.
Bc6+ 1-0

[Event "Køge Bugt Sommer 2012"]
[Site "Solrød Skole"]
[Date "2012.08.29"]
[Round "3.10"]
[White "Nielsen, Kai Gylling"]
[Black "Hald, Morten Hansen"]
[Result "0-1"]
[WhiteElo "1888"]
[BlackElo "1763"]
[PlyCount "100"]
[EventDate "2012.??.??"]
[WhiteTeam "Roskilde Skakklub"]
[BlackTeam "Køge Skakklub"]

1. Nf3 Nc6 2. d4 d5 3. c4 Bg4 4. cxd5 Bxf3 5. dxc6 Bxc6 6. Nc3 e6 7. e4 Bb4 8.
f3 Qh4+ 9. g3 Qf6 10. a3 Bxc3+ 11. bxc3 Ne7 12. Be2 O-O 13. e5 Qg6 14. O-O Rad8
15. Bd3 f5 16. Rb1 b6 17. a4 a6 18. Bxa6 Nd5 19. Bd2 f4 20. g4 h5 21. h3 hxg4
22. hxg4 Qg5 23. Be2 Ne3 24. Bxe3 fxe3 25. Qe1 Bxa4 26. Qg3 Rf4 27. Qh3 Bc2 28.
Rb2 Bg6 29. Bc4 Kf7 30. Re2 Ke7 31. Rfe1 c5 32. Ra1 cxd4 33. Ra7+ Rd7 34. Rxd7+
Kxd7 35. Bb5+ Ke7 36. cxd4 Rxd4 37. Qg3 Rb4 38. Ba6 Rb1+ 39. Kg2 Qh6 40. Qh2
Qg5 41. Qg3 Qh6 42. Qh2 Qg5 43. Ra2 b5 44. Bc8 Qh6 45. Qxh6 gxh6 46. Re2 Rb3
47. Bb7 Rc3 48. f4 Bc2 49. Ba6 b4 50. Kg3 b3 0-1

[Event "Køge Bugt Sommer 2012"]
[Site "Solrød Skole"]
[Date "2012.08.29"]
[Round "3.11"]
[White "Krag-Jacobsen, Alan"]
[Black "Hansen, Erik Levin"]
[Result "1/2-1/2"]
[WhiteElo "1647"]
[BlackElo "1753"]
[PlyCount "65"]
[EventDate "2012.??.??"]
[WhiteTeam "Solrød Skakklub"]
[BlackTeam "Haslev Skakklub"]

1. e4 g6 2. d4 Bg7 3. Nc3 d6 4. Nf3 Bg4 5. Be2 Nc6 6. Be3 Nf6 7. h3 Bc8 8. O-O
O-O 9. Qd2 Bd7 10. Rad1 e5 11. d5 Ne7 12. Bh6 Ne8 13. Nh2 f5 14. Bf3 Nf6 15.
Bxg7 Kxg7 16. Qe2 a6 17. a3 Qe8 18. g4 fxe4 19. Bxe4 Nxe4 20. Qxe4 Rf4 21. Qe3
Qf7 22. Ne2 Rc4 23. Nc3 Qf4 24. Qxf4 Rxf4 25. Rde1 Bb5 26. Nxb5 axb5 27. Rd1
Rd4 28. Rxd4 exd4 29. Nf3 Nxd5 30. Nxd4 c6 31. Re1 Nf4 32. Ne6+ Nxe6 33. Rxe6
1/2-1/2